000 00333nam a2200133 i 4500
001 bg
100 1 _aZDANOWSKI, Mirosław
245 0 _aZabezpieczenie przeciwpożarowe lakierni /
_cMirosław Zdanowski.
260 _aWarszawa,
_c1980.
040 _cBPK
041 _apol
942 _cKS
008 s pl f |000 0 pol
999 _c19338
_d19338
856 _uhttp://koha.tu.koszalin.pl/cgi-bin/koha/opac-detail.pl?biblionumber=19338
_yKatalog online BPK